La cenicienta
Gespeichert in:
| 1. Verfasser: | |
|---|---|
| Format: | Buch |
| Sprache: | Spanisch |
| Veröffentlicht: |
Santiago
Cuarto Propio
2006
|
| Ausgabe: | 1a. ed |
| Schriftenreihe: | Biblioteca París. Colección Cuentos Clásicos
|
| Schlagworte: | |
| Tags: |
Tag hinzufügen
Keine Tags, Fügen Sie den ersten Tag hinzu!
|
MARC
| LEADER | 00000nam a2200000 a 4500 | ||
|---|---|---|---|
| 001 | UCJ0412 | ||
| 003 | CL-VaPUC | ||
| 005 | 20250314145003.0 | ||
| 008 | 060804e20060000CL |||||||||||||||||spa|d | ||
| 999 | |c 317268 |d 317266 | ||
| 020 | |a 9568534032 | ||
| 040 | |c Pontificia Universidad Católica de Valparaíso | ||
| 082 | 0 | 4 | |a 808.068 |b GRI |2 21 |
| 100 | |a Grimm, Jacob Ludwig Karl |e author |9 596364 | ||
| 245 | 1 | 3 | |a La cenicienta |
| 250 | |a 1a. ed | ||
| 260 | |a Santiago |b Cuarto Propio |c 2006 | ||
| 300 | |a 22 p | ||
| 490 | 0 | |a Biblioteca París. Colección Cuentos Clásicos | |
| 500 | |a Adaptado por Ana Saavedra, ilustrado por Cecilia Almarza | ||
| 583 | |a last modification |c 20060804 00:00:00 |k Rodrigo Vera | ||
| 650 | 0 | |a Literatura infantil |9 307465 |x Cuentos | |
| 942 | |c BK |2 ddc | ||
| 945 | |d 20060804 00:00:00 |a cmena | ||
| 952 | |0 0 |1 0 |2 ddc |4 0 |6 808_068000000000000_GRI_2006 |7 0 |8 A |9 393327 |a BIBEDU |b BIBEDU |d 2019-11-22 |i 4257944 |l 2 |o 808.068 GRI 2006 |p 4257944 |r 2025-04-16 |s 2025-04-08 |w 2019-11-22 |y BK |k EBA | ||